al-Dalīl ilā murādif al-ʻāmmī wa-al-dakhīl /
Saved in:
Main Author:
Format: Book
Language: Arabic
Published:
Lebanon :
R. ʻAṭīyah,
1898.
Subjects:
Tags: Add Tag
No Tags, Be the first to tag this record!
Call Number: PJ6622 .A85 1898
| LEADER | 01046nam a2200241Ia 4500 | ||
|---|---|---|---|
| 003 | OSt | ||
| 005 | 20231003111616.0 | ||
| 008 | 130303s1898 le d 000 0 ara d | ||
| 952 | |0 0 |1 0 |2 lcc |4 0 |6 PJ6622 A85 01898 |7 1 |9 50314 |a ARCE |b ARCE |d 2023-10-03 |l 0 |o PJ6622 .A85 1898 |p 1029640 |r 2023-10-03 00:00:00 |w 2023-10-03 |y BK | ||
| 999 | |c 30022 |d 30022 | ||
| 010 | |a ne 68001556 | ||
| 040 | |c ARCE Library | ||
| 050 | 4 | |a PJ6622 .A85 1898 | |
| 100 | 1 | |6 880-01 |a ʻAṭīyah, Rashīd, |e author | |
| 245 | 1 | 3 | |6 880-02 |a al-Dalīl ilā murādif al-ʻāmmī wa-al-dakhīl / |c taʼlīf Rashīd ʻAṭīyah al-Lubnānī. |
| 264 | 1 | |a Lebanon : |b R. ʻAṭīyah, |c 1898. | |
| 300 | |a 364 pages ; |c 21 cm. | ||
| 650 | 0 | |a Arabic language |v Dictionaries. | |
| 650 | 0 | |a Arabic language |x Foreign words and phrases. | |
| 880 | 1 | |6 100-01/(3/r |a عطية، رشيد | |
| 880 | 1 | 2 | |6 245-02/(3/r |a الدليل إلى مرادف العامي و الدخيل |c تأليف رشيد عطيه اللبناني. |
| 901 | |a reviewed | ||
| 942 | |c BK |2 lcc | ||
